000 00476nam a22001817a 4500
005 20251108170705.0
008 250721s1979 xx 000 0 eng d
082 1 4 _aR/669.2025/ROB
100 1 _aRobbins, Peter
245 1 0 _aGuide to Precious Metals and their Markets /
264 1 _aNew York :
_bNichols Publishing Co,
_c1979.
300 _a191p
650 1 7 _aPrecious Metals
650 1 7 _aDirectories
700 1 _aLee, Douglass
942 _2ddc
_cBK
999 _c46671
_d46671